000 00903nam a2200265 i 4500
001 169717
003 ES-MaACL
005 20250827062637.0
008 081113s2008 sp |||| | spa d
017 _aM 23.750-2008
020 _a978-84-309-4722-5
080 _a346.545/.546(460)
110 1 _aEspaña
_93622
240 1 0 _aLey de defensa de la competencia, 2007
245 1 0 _aLey y reglamento de defensa de la competencia
_b: con normativa complementaria.
260 _aMadrid :
_bTecnos,
_c2008.
300 _a310 p. ;
_c17 cm.
490 1 _aBiblioteca de textos legales ;
_v322
500 _aÍndice.
650 0 4 _aDerecho de la competencia-
_zEspaña.
_911691
830 0 _aBiblioteca de textos legales ;
_v322
_9177271
852 4 _aES-MaACL
_jA-15271
_9176377
_bR.144050
_cDEPO1
_dOlim: L 346.545(460)"2007" ESP
_dOlim Meseton
942 _2udc
999 _c169717
_d169717